000 00570nam a2200145Ia 4500
008 081213s9999 xx 000 0 und d
050 _aJQ1872
_b.A33 1962
100 _aAdam, Thomas R.
245 _aGovernment and politics in Africa south of the sahara/
_cThomas R. Adam
260 _c1959
_aNew york
_bRandom hnouse
300 _axiv,145 p.;
_c21cm.
650 _2Africa, Sub-sahara
_aPolitics and government
942 _cBK
_2lcc
999 _c24284
_d24284